| 000 | 01068cam a2200289 a 4500 | ||
|---|---|---|---|
| 001 | 131955 | ||
| 003 | GBCCL | ||
| 005 | 20241126110419.0 | ||
| 008 | 080312s1993 cau 000 0 eng d | ||
| 020 | _a9780830716579 (pbk.) | ||
| 020 | _a0830716572 (pbk.) | ||
| 035 | _a(OCoLC)ocn213352024 | ||
| 035 | _a(OCoLC)213352024 | ||
| 040 |
_aVLB _cVLB _dBAKER _dLBB |
||
| 049 | _aLBBK | ||
| 050 | 1 | 4 |
_aBV600.2 _b.B34 1993 |
| 082 |
_a254.5 _bBAR |
||
| 090 |
_aBV600.3 _b.B34 1993 |
||
| 100 | 1 |
_aBarna, George. _91012 |
|
| 245 | 1 | 0 |
_aTurn-around churches : _bhow to overcome barriers to growth and bring new life to an established church / _cGeorge Barna. |
| 260 |
_aVentura, Ca. : _bRegal Books, _cc1993. |
||
| 300 |
_a122 p. ; _c23 cm. |
||
| 505 | 0 | _aReshaping the life cycle -- Symptoms of decline -- From dream to reality -- Attributes of turnaround leaders -- Strategies for growth -- Potholes on the road to recovery -- Avoiding the downward spiral -- The last hurrah. | |
| 650 | 0 |
_aChurch renewal. _9963 |
|
| 650 | 0 |
_aPastoral theology. _9414 |
|
| 942 |
_2ddc _cBK _05 |
||
| 999 |
_c2143 _d2143 |
||